000 00799cam a22002411 4500
001 ne 68004629
003 DLC
005 20260227111850.0
008 901002m19671972ua b 000 0 arar
010 _ane 68004629
035 _a(OCoLC)22461808
040 _aDLC
_cWaU
_dWaU
_dDLC
050 0 0 _aLAW
100 1 _aNuʻmān ibn Muḥammad, Abū Ḥanīfah,
_d-974.
245 1 0 _aTaʼwīl al-Daʻāʼim,
_ctaʼlīf al-Nuʻmān ibn Muḥammad. Taḥqīq Muḥammad Ḥasan al-Aʻẓamī.
260 _a[Miṣr,
_bDār al-Maʻārif
_c1967-1972]
300 _a3 v.
_c24 cm.
500 _aA guide to the understanding of the author's Daʻāʼim al-Islām.
504 _aBibliographical footnotes.
650 0 _aIslamic law.
650 0 _aShiites.
700 1 _aAʻẓamī, Muḥammad Ḥasan,
_eed.
999 _c51096
_d51096